Linear Algebra and Calculus for Engineers/ (Record no. 186236)
[ view plain ]
| 000 -LEADER | |
|---|---|
| fixed length control field | 00686nam a22002057a 4500 |
| 005 - DATE AND TIME OF LATEST TRANSACTION | |
| control field | 20220218105300.0 |
| 010 ## - LCCN (DPL NO) | |
| LC control number | ENG-131667 |
| 020 ## - INTERNATIONAL STANDARD BOOK NUMBER | |
| International Standard Book Number | 9789383959426 |
| Terms of availability | 650.00 |
| 035 ## - SYSTEM CONTROL NUMBER | |
| System control number | EN-115199 |
| 037 ## - SOURCE OF ACQUISITION | |
| Source of stock number/acquisition | DBAD |
| 082 ## - DEWEY DECIMAL CLASSIFICATION NUMBER | |
| Classification number | 620.0015 |
| 100 ## - MAIN ENTRY--PERSONAL NAME | |
| Personal name | Reddy, D. Ranadheer |
| 245 ## - TITLE STATEMENT | |
| Title | Linear Algebra and Calculus for Engineers/ |
| Statement of responsibility, etc | D. Ranadheer Reddy et.al. |
| 260 ## - PUBLICATION, DISTRIBUTION, ETC. (IMPRINT) | |
| Place of publication, distribution, etc | Hyderabad |
| Name of publisher, distributor, etc | StudentsHelpline Publishing House Pvt. Ltd. |
| Date of publication, distribution, etc | 2021 |
| 270 ## - ADDRESS | |
| Address | # 326/C, Level-2, Surneni Nilayam Near B K Guda Park, S R Nagar |
| City | Hyderabad |
| Postal code | 500038 |
| 300 ## - PHYSICAL DESCRIPTION | |
| Extent | xvi, vp. |
| Dimensions | 24cm(pbk) |
| 700 ## - ADDED ENTRY--PERSONAL NAME | |
| Personal name | Reddy, K. Upender |
| 700 ## - ADDED ENTRY--PERSONAL NAME | |
| Personal name | Mohan, G. Chandra |
| 942 ## - ADDED ENTRY ELEMENTS (KOHA) | |
| Source of classification or shelving scheme | Dewey Decimal Classification |
| Item type | English Books |
| Classification part | 620.00151 |
| Call number suffix | RED |
| Withdrawn status | Lost status | Not for loan | Collection code | Home library | Current library | Date acquired | Source of acquisition | Cost, normal purchase price | Full call number | Barcode | Copy number | Cost, replacement price | Koha item type |
|---|---|---|---|---|---|---|---|---|---|---|---|---|---|
| Non-fiction | Patel Nagar | Patel Nagar | 18/02/2022 | DBAD/PUB | 650.00 | 620.00151 RED | EN-115199 | 1 | 650.00 | English Books |
